000 00557nam a2200169 i 4500
001 100840
003 ES-MaACL
005 20230906182749.0
007 t|
008 051006s1958 sp ||||1| spa d
100 1 _aMatthews, F. J.
_979130
245 1 0 _aTratamiento de aguas /
_cF. J. Matthews; traductor B. González Costas; traducción de la tercera edición inglesa...
260 _aMadrid :
_bDossat,
_c1958.
300 _aXII, 269 p., lám. I-27 :
_bil. ;
_c22 cm.
700 1 _aGonzález Costas, B.
_958517
852 _aES-MaACL
_jC-14998
_bR.43108
999 _c100840
_d100840